Publicn administration in a globalizing world

Zapisane w:
Opis bibliograficzny
1. autor: CHAKRABRTY, Bidyut Kandpal, Prakash Chand
Format: Książka
Język:angielski
Wydane: SAGE 2020
Etykiety: Dodaj etykietę
Nie ma etykietki, Dołącz pierwszą etykiete!

MARC

LEADER 00000nam a22000007a 4500
008 230425b |||||||| |||| 00| 0 eng d
020 |a 9789353882891 
100 |a CHAKRABRTY, Bidyut  |a Kandpal, Prakash Chand 
245 |a Publicn administration in a globalizing world  |c Bidyut Chakrabarty, Prakash Chand Kandpal  |g xiii, 528p;ill 
260 |b SAGE  |c 2020  |h Los Angeles  |i 699766   |i 699767  |l JF1351.C34  |m Public Administration  |m Political planning  |m Public Administration - India  |m Political planning - India 
500 |a it includes references and index 
942 |c MU  |a lcc  |e Johnson  |f 25/04/23 
952 |0 0  |1 0  |2 lcc  |4 0  |6 JF1351 C34  |7 0  |9 4213  |a SSL  |b HOL  |c GJ  |d 2023-04-25  |l 0  |o JF1351.C34  |p 2023-0143  |r 2023-04-25 00:00:00  |t 699766  |w 2023-04-25  |y MU 
952 |0 0  |1 0  |2 lcc  |4 0  |6 JF1351 C34  |7 0  |9 4214  |a HOL  |b HOL  |c GJ  |d 2023-04-25  |l 0  |o JF1351.C34  |p 2023-0144  |r 2023-04-25 00:00:00  |t 699767  |w 2023-04-25  |y MU 
999 |c 2111  |d 2111